ICT pro studenty se speciálními potřebami kompetence absolventů OU zaměřené na rovnost příležitostí na trhu práce /

Hlavní autor: Sehnalová, Vladimíra, 1956-
Jazyk: Čeština
Vydáno: Ostrava : Ostravská univerzita v Ostravě, 2011
Vydání: Vyd. 1.
Témata:
Fyzický popis: 1 CD-ROM
Knihy
Uloženo v:
LEADER 01821nam a2200457 a 4500
001 001165743
003 CZ BrMZK
005 20140317081110.0
006 m||||||||d||||||||
007 co^cg
008 110829s2011 xr e 00| 0 cze
015 |a cnb002221404 
020 |a 978-80-7368-297-2  |q (CDR) 
040 |a BOA001  |b cze 
043 |a e-xr---  |b e-xr-mo  |2 czenas 
072 7 |a 007  |x Teorie systémů. Automatické systémy. Informační systémy. Kybernetika  |2 Konspekt  |9 23 
072 7 |a 37.016  |x Učební osnovy. Vyučovací předměty. Učebnice  |2 Konspekt  |9 22 
080 |a [007+004]:378.4  |2 MRF 
080 |a 004.657  |2 MRF 
080 |a 378.4  |2 MRF 
080 |a (437.326)  |2 MRF 
080 |a (075.8)  |2 MRF 
080 |a (0.034.44)  |2 MRF 
100 1 |a Sehnalová, Vladimíra,  |d 1956-  |7 mzk2007417347  |4 aut 
245 1 0 |a ICT pro studenty se speciálními potřebami  |h [elektronický zdroj] :  |b kompetence absolventů OU zaměřené na rovnost příležitostí na trhu práce /  |c Vladimíra Sehnalová 
250 |a Vyd. 1. 
260 |a Ostrava :  |b Ostravská univerzita v Ostravě,  |c 2011 
300 |a 1 CD-ROM 
500 |a Název z titulní obrazovky 
538 |a Požadavky na systém: Adobe Acrobat Reader 
650 0 7 |a univerzitní informační systémy  |7 ph222872  |2 czenas 
650 0 7 |a vyhledávání informací  |7 ph163856  |2 czenas 
650 0 7 |a univerzity  |7 ph126937  |z Česko  |2 czenas 
655 7 |a učebnice vysokých škol  |7 fd133772  |2 czenas 
655 7 |a CD-ROM  |7 fd133955  |2 czenas 
610 2 7 |a Ostravská univerzita  |7 kn20010709317  |2 czenas 
651 7 |a Ostrava (Česko)  |7 ge128537  |2 czenas 
910 |a BOA001  |b CDR-1271.428 
990 |a BK 
991 |b 201111  |c NOV  |e n 
996 3 |b 2610487223  |c CDR-1271.428  |l Stud. periodik/2.patro  |r Sklad / do 1 hodiny  |n 1  |p p.v.  |w 001199525  |u 000010  |a 1  |e BOA001  |j MZK50  |s N